El gran ejército de la bandera negra (Record no. 34338)

MARC details
000 -LEADER
campo de control de longitud fija 00540nam a2200157 i 4500
001 - NÚMERO DE CONTROL
campo de control 34338
003 - IDENTIFICADOR DE NÚMERO DE CONTROL
campo de control ES-MaACL
007 - CAMPO FIJO DE DESCRIPCIÓN FÍSICA--INFORMACIÓN GENERAL
campo de control de longitud fija t|
008 - DATOS DE LONGITUD FIJA--INFORMACIÓN GENERAL
campo de control de longitud fija 030204s1975 sp ||||1| spa d
100 1# - ENTRADA PRINCIPAL--NOMBRE DE PERSONA
Nombre de persona Blond, Georges.
9 (RLIN) 29540
245 13 - MENCIÓN DEL TÍTULO
Título El gran ejército de la bandera negra
Resto del título : los anarquistas a través del mundo /
Mención de responsabilidad, etc. Georges Blond ; [traducción de José Luis Beltrán].
260 ## - PUBLICACIÓN, DISTRIBUCIÓN, ETC.
Lugar de publicación, distribución, etc. Barcelona :
Nombre del editor, distribuidor, etc. Luis de Caralt,
Fecha de publicación, distribución, etc. [1975]
300 ## - DESCRIPCIÓN FÍSICA
Extensión 364 p., 16 lám. ;
Dimensiones 22 cm.
700 1# - ENTRADA AGREGADA--NOMBRE PERSONAL
Nombre de persona Beltrán, José Luis.
9 (RLIN) 27342
852 ## - LOCALIZACIÓN
Ubicación ES-MaACL
Número de control de estantería E-9380
Sublocalización o colección R.94003
Holdings
Estatus retirado Estado de pérdida Estado de daño No para préstamo Biblioteca de origen Biblioteca actual Ubicación en estantería Fecha de adquisición Fuente de adquisición Total de préstamos Signatura topográfica completa Código de barras Visto por última vez Precio de reemplazo Tipo de ítem Koha
        Biblioteca del Ateneo de Madrid Biblioteca del Ateneo de Madrid Depósito 2 17/01/2008     E-9380 1035813 23/02/2023 23/02/2023 Libro impreso